000 00609nam a2200193 a 4500
001 BRCA_7237
005 20190320205749.0
008 240112s1931----ag-ac#####---#000-0#----#
050 4 _aDB917
_b.H85 1931
110 2 _aRotary international.
_917933
245 1 0 _aHungary
_cRotary international.
260 _aBudapest
_bAthanaeum
_c1931
300 _a257 p.
_bil., retratos
_c26 cm.
500 _aIncluye un folleto por separado titulado: Post-convention individual tours to visit Budapest and Hungary
500 _aP143
651 4 _aHungria
_xDescripción y viajes
_917934
902 _aGFM
942 _2lcc
_cB
999 _c6918
_d6918